000 00300nam a2200121Ia 4500
008 220204s9999 xx 000 0 und d
082 _a801
_bGON
100 _aGondin, William R
245 0 _aArt of speaking made simple
260 _aLondon
_bAllen
_c1967
700 _aMammen, Edward W
942 _cBK
999 _c24760
_d24760